000 00960nam a22002417a 4500
005 20240530110431.0
008 150331s2009 ua afo f b 000 0 ara d
017 _a2008/21726
_bمصر . دار الكتب المصرية
020 _a9789774552356
040 _aEG-CaGPL
082 0 4 _221
_a916.216
_bق/أ ش
100 0 _aالعربى احمد رجب
245 1 0 _aشارع محمد على بمدينة القاهرة :
_bدراسة اثارية حضارية /
_cتاليف العربى احمد رجب
250 _aط1
260 _aالقاهرة :
_bدار الفاروق للاستثمارات الثقافية ،
_c2009.
300 _a446 ص :
_bصور ، لوحات ؛
_c24 سم.
504 _aببليوجرافية : ص 423 - 443
650 0 4 _aشارع محمد على
650 0 4 _aشارع محمد على
_xاثار
650 0 4 _aشارع محمد على
_xعمارة
942 _2ddc
_cBK
999 _c60844
_d60844